A celebration of culture / (Record no. 25285)
[ view plain ]
| 000 -LEADER | |
|---|---|
| fixed length control field | 00879ntm a22002537a 4500 |
| 005 - DATE AND TIME OF LATEST TRANSACTION | |
| control field | 20170809110621.0 |
| 008 - FIXED-LENGTH DATA ELEMENTS--GENERAL INFORMATION | |
| fixed length control field | 170802s2010 xx a frb 000 0 eng d |
| 040 ## - CATALOGING SOURCE | |
| Original cataloging agency | EG-ScBUE |
| Language of cataloging | eng |
| Transcribing agency | EG-ScBUE |
| 082 04 - DEWEY DECIMAL CLASSIFICATION NUMBER | |
| Edition number | 22 |
| Classification number | 624 |
| Item number | TAH |
| 100 1# - MAIN ENTRY--PERSONAL NAME | |
| Personal name | Taha, Aliaa A. |
| 245 12 - TITLE STATEMENT | |
| Title | A celebration of culture / |
| Statement of responsibility, etc | Aliaa A. Taha. |
| 260 ## - PUBLICATION, DISTRIBUTION, ETC. (IMPRINT) | |
| Date of publication, distribution, etc | 2010. |
| 300 ## - PHYSICAL DESCRIPTION | |
| Extent | viii, 79 p. ,32 p. : |
| Other physical details | ill. (col.) ; |
| Dimensions | 28 cm. |
| 500 ## - GENERAL NOTE | |
| General note | A thesis submitted to The Faculty Of Engineering, The British University In Egypt, in partial fulfillment of the requirements for degree of bachelor in architectural engineering. |
| 590 ## - LOCAL NOTE (RLIN) | |
| Local note | Nour |
| 650 ## - SUBJECT ADDED ENTRY--TOPICAL TERM | |
| Source of heading or term | BUEsh |
| Topical term or geographic name as entry element | Architectural engineering |
| Form subdivision | Projects |
| 653 ## - INDEX TERM--UNCONTROLLED | |
| Resource For college | Engineering, Architecture |
| Arrived date list | August2017 |
| 655 ## - INDEX TERM--GENRE/FORM | |
| Form subdivision | |
| 700 1# - ADDED ENTRY--PERSONAL NAME | |
| Personal name | Rashed, Ahmed. |
| Relator term | ths |
| 700 1# - ADDED ENTRY--PERSONAL NAME | |
| Personal name | Sheweka, Samar. |
| Relator term | ths |
| 700 1# - ADDED ENTRY--PERSONAL NAME | |
| Personal name | Ahmed, Safie El din. |
| Relator term | ths |
| 700 1# - ADDED ENTRY--PERSONAL NAME | |
| Personal name | Talaat, Seif. |
| Relator term | ths |
| 942 ## - ADDED ENTRY ELEMENTS (KOHA) | |
| Source of classification or shelving scheme | Dewey Decimal Classification |
| Withdrawn status | Lost status | Source of classification or shelving scheme | Damaged status | Not for loan | Home library | Current library | Shelving location | Date acquired | Total Checkouts | Full call number | Barcode | Date last seen | Koha item type |
|---|---|---|---|---|---|---|---|---|---|---|---|---|---|
| Dewey Decimal Classification | Central Library | Central Library | Second Floor | 08/08/2017 | 624 TAH | 000046665 | 15/07/2025 | Projects - Students (NB) |